00683nam a2200181Ia 4500003000900000008004100009020001800050040001600068080001700084100002600101245012200127260003400249300001400283650004300297942000700340999001700347952013700364IN-BaIIA211028s9999 xx 000 0 eng d a0-7167-3097-9 cIIA Library a524.354bMAN aMann, Alfred K921505 0aShadow of a starbthe neutrino story of supernova 1987AcAlfred K. Mann  aNew YorkbW. H. Freemanc1997 axi, 210p. aSupernovae, Supernovae remnants921506 cBK c12301d12301 00104070aBANbBANcGENd1997-12-12g1106.85l1o524.354/ MANp13217r2025-09-08s2025-06-11v1106.85w1997-12-12yBKGRs. 1106.85